OECD statistics on international trade in services 1990-1999 <a> joint publication of OECD and Eurostat

Na minha lista:
Detalhes bibliográficos
Corporate Authors: OECD Publishing, Eurostat
Formato: Livro
Idioma:inglês
francês
Publicado em: Paris OECD 2001
Colecção:Statistics
Assuntos:
Tags: Adicionar Tag
Sem tags, seja o primeiro a adicionar uma tag!

MARC

LEADER 00000nam a2200000 4500
001 c129018
005 20240422122229.3
020 |a 92-64-09514-4 
041 0 |a eng 
041 0 |a fre 
044 |a FR 
245 1 0 |a OECD statistics on international trade in services 1990-1999  |b <a> joint publication of OECD and Eurostat 
264 1 |a Paris  |b OECD  |c 2001 
300 |a 387 s. 
490 1 |a Statistics 
830 0 |a Statistics 
610 2 0 |a údaje štatistické 
610 2 0 |a porovnanie štatistické medzinárodné 
610 2 0 |a obchod medzinárodný 
610 2 0 |a služby 
610 2 0 |a doprava 
610 2 0 |a preprava 
610 2 0 |a komunikácia 
610 2 0 |a služby finančné 
610 2 0 |a služby dopravné 
610 2 0 |a služby informačné 
610 2 0 |a služby obyvateľstvu 
610 2 0 |a rekreácia 
610 2 0 |a kultúra 
710 2 |a OECD Publishing 
710 2 |a Eurostat